LEADER 00920cam0-22003251i-450- 001 990003563170403321 005 20110803094916.0 035 $a000356317 035 $aFED01000356317 035 $a(Aleph)000356317FED01 035 $a000356317 100 $a20030910d1955----km-y0itay50------ba 101 0 $aita 102 $aIT 105 $ay-------001yy 200 1 $a<>pionieri nelle campagne$fAlessandro Schiavi 210 $aRoma$cOpere nuove$d1955 215 $a115 p.$d17 cm 225 1 $a<>pionieri del socialismo in Italia$v4 676 $a324.2450740922$v19$zita 700 1$aSchiavi,$bAlessandro$f<1872-1965 >$0118597 801 0$aIT$bUNINA$gRICA$2UNIMARC 901 $aBK 912 $a990003563170403321 952 $aSE 052.06.20-$b034730$fDECSE 952 $aXIV B 974 (4)$b3701$fFSPBC 959 $aDECSE 959 $aFSPBC 996 $aPionieri nelle campagne$9492917 997 $aUNINA